000
00273nam a22001217a 4500
040
_c
SK
082
_a
813
100
_a
DUK CHHENG
245
_a
កោសិកា និងជាលិកាវិទ្យា
260
_a
RUA
_b
DUK
_c
2015
300
_a
63p.
942
_c
KB
999
_c
10833
_d
10833